|
|
|
|
| LEADER |
01414nam a2200301 a 4500 |
| 001 |
3018773 |
| 008 |
100330r20001992enka b 001 0 eng d |
| 010 |
|
|
|a \\\94105607
|
| 020 |
|
|
|a 818561816X
|
| 020 |
|
|
|a 0521431085
|
| 020 |
|
|
|a 0521437202 (book in C)
|
| 040 |
|
|
|a DLC
|c DLC
|d DLC
|d BD-DhAAL
|
| 082 |
0 |
0 |
|a 519.4/0285/53
|2 20
|
| 245 |
0 |
0 |
|a Numerical recipes in C :
|b the art of scientific computing /
|c William H. Press ... [et al.].
|
| 250 |
|
|
|a 2nd ed.
|
| 260 |
|
|
|a Cambridge ;
|a New York :
|b Cambridge University Press ;
|a New Delhi :
|b Manas Saikia,
|c 1992 [reprinted 2000].
|
| 300 |
|
|
|a xxvi, 994 p.:
|b ill. ;
|c 24 cm.
|
| 504 |
|
|
|a Includes bibliographical references (p. 926-929) and index.
|
| 541 |
1 |
|
|e 00012628
|
| 650 |
|
0 |
|a C (Computer program language)
|
| 700 |
1 |
|
|a Press, William H.
|
| 700 |
1 |
|
|a Teukolsky, Saul A.
|
| 700 |
1 |
|
|a Vetterling, William T.
|
| 700 |
1 |
|
|a Flannery, Brian P.
|
| 852 |
4 |
|
|a Ayesha Abed Library
|j General Shelf
|
| 999 |
|
|
|c 7925
|d 7925
|
| 952 |
|
|
|0 0
|1 0
|2 ddc
|4 1
|6 519_402855300000000_NUM
|7 0
|9 8885
|a BRACUL
|b BRACUL
|c SPS
|d 2010-03-30
|g 330.00
|l 0
|o 519.4028553 NUM
|p 3010012628
|r 2010-03-30
|t 1
|w 2010-03-30
|y BK
|x Photocopy Book. Declared as Damaged on December 10, 2023
|
| 952 |
|
|
|0 0
|1 0
|2 ddc
|4 1
|6 519_402855300000000_NUM
|7 0
|9 13330
|a BRACUL
|b BRACUL
|c SPS
|d 2010-11-28
|g 330.00
|l 0
|o 519.4028553 NUM
|p 3010012627
|r 2010-11-28
|t 2
|w 2010-11-28
|y BK
|x Photocopy Book. Declared as Damaged on December 10, 2023
|